Detalles MARC
| 000 -LÍDER |
| Campo fijo de descripción fija |
01511aam a2200337 4500 |
| 001 - NÚMERO DE CONTROL |
| Campo de control |
20602 |
| 003 - IDENTIFICADOR DEL NÚMERO DE CONTROL |
| Campo de control |
CO-MdFUSB |
| 005 - FECHA Y HORA DE LA ULTIMA TRANSACCIÓN |
| control field |
20190202100516.0 |
| 008 - ELEMENTOS DE LONGITUD FIJA -- INFORMACIÓN GENERAL |
| Campo fijo de descripción fija -- Información general |
170601t2008 enk||||g |||| 00| 0 eng d |
| 020 ## - NÚMERO INTERNACIONAL NORMALIZADO PARA LIBROS |
| Número Internacional Normalizado del libro |
978-1-84227-610-5 |
| 040 ## - FUENTE DE CATALOGACIÓN |
| Agencia de catalogación original |
CO-MdFUSB |
| Idioma de catalogación |
spa |
| Agencia que realiza la transcripción |
CO-MdFUSB |
| Agencia que realiza la modificación |
CO-MdFUSB |
| Convenciones de la descripción |
rda |
| 041 ## - CÓDIGO DE IDIOMA |
| Código de idioma para texto/pista de sonido o título separado |
eng |
| 082 ## - NÚMERO DE CLASIFICACIÓN DECIMAL DEWEY |
| Número de la edición del Dewey |
24 |
| Número de clasificación |
G 264.001 |
| Clave de autor-Numero de item |
N576g |
| 100 1# - ASIENTO PRINCIPAL--NOMBRE PERSONAL |
| Nombre personal |
Ngien, Dennis |
| Término relacionador |
autor |
| 245 10 - TÍTULO |
| Título del Material |
Gifted response |
| Parte restante del título - Subtitulo |
: The triune God as the causative agency of our responsive worship |
| Mención de responsabilidad, etc. |
/ Dennis Ngien |
| 260 ## - PUBLICACIÓN, DISTRIBUCIÓN, ETC. (PIE DE IMPRENTA) |
| Lugar de publicación, distribución, etc. |
|
| 264 #1 - PRODUCCIÓN, PUBLICACIÓN, DISTRIBUCIÓN, MANUFACTURA, Y COPYRIGHT |
| Lugar de producción, publicación, distribución, manufactura |
Milton Keynes, England: |
| Nombre del productor, publicador, distribuidor |
Paternoster, |
| Fecha de producción, publicación, distribución, manufactura, o copyright |
℗[2008] |
| 264 #4 - PRODUCCIÓN, PUBLICACIÓN, DISTRIBUCIÓN, MANUFACTURA, Y COPYRIGHT |
| Fecha de producción, publicación, distribución, manufactura, o copyright |
©2008 |
| 300 ## - DESCRIPCIÓN FÍSICA |
| Extensión |
xiv, 182 páginas |
| Otros detalles físicos |
: |
| Dimensiones |
; |
| 336 ## - TIPO DE CONTENIDO |
| Fuente |
rdacontent |
| Término de tipo de contenido |
|
| Código de tipo de contenido |
|
| 337 ## - TIPO DE MEDIO |
| Fuente |
rdamedia |
| Nombre del tipo de medio |
|
| Código del tipo de medio |
|
| 338 ## - TIPO DE SOPORTE |
| Fuente |
rdacarrier |
| Nombre del tipo de soporte |
|
| Código Tipo de soporte |
|
| 500 ## - NOTA GENERAL |
| Nota General |
Incluye índice (p. 180-182) |
| 504 ## - NOTA DE BIBLIOGRAFÍA, ETC. |
| Nota de bibliografía, etc |
Bibliografía (p. 170- 179) |
| 505 00 - NOTA DE CONTENIDO |
| Nota de contenido con formato preestablecido |
El Espíritu "adorado y glorificado" como la causa del perfeccionamiento de nuestra adoración en De Espíritu Santo de Basilio de Cesarea -- La razón necesaria para el culto: Sobre la alabanza de la deidad superlativo en el Proslogion de San Anselmo -- Participación en el beso constitutivo: La adoración en el Cantar de los Cantares de Bernardo de Claraval -- La adoración como inversión radical en la Theologia Crucis de Martín Lutero -- La dinámica trinitaria de la adoración en los Institutos de Juan Calvino (1559) |
| 563 ## - NOTA DE ENCUADERNACIÓN |
| Nota de encuadernación |
Rústico |
| 650 #0 - ASIENTO SECUNDARIO DE MATERIA - TERMINO TEMÁTICO |
| Término temático o nombre geográfico como elemento de entrada |
Teología práctica |
| 9 (RLIN) |
180 |
| 650 #7 - ASIENTO SECUNDARIO DE MATERIA - TERMINO TEMÁTICO |
| 9 (RLIN) |
206 |
| Término temático o nombre geográfico como elemento de entrada |
Liturgia |
| 942 ## - TIPO DE MATERIAL (KOHA) |
| Tipo de Item KOHA |
Libros General |